OS/JS jednoduchá telekomunikačná metóda prístupu

Na minha lista:
Detalhes bibliográficos
Formato: Livro
Idioma:eslovaco
Publicado em: Bratislava Datasystém 1978
Tags: Adicionar Tag
Sem tags, seja o primeiro a adicionar uma tag!

MARC

LEADER 00000nam a2200000 4500
001 c141870
005 20150325105549.7
041 0 |a slo 
044 |a SK 
245 1 0 |a OS/JS  |b jednoduchá telekomunikačná metóda prístupu 
264 1 |a Bratislava  |b Datasystém  |c 1978 
300 |a 347 s.